| 000 | 02828nam0a2200445 4500 | ||
|---|---|---|---|
| 001 | RU\NLR\BIBL_A\022277611 | ||
| 005 | 20240911112846.0 | ||
| 010 | _a978-5-907498-68-6 | ||
| 021 |
_aRU _bКН-П-24-032220 _9КН-П-24-3261 |
||
| 035 | _a(NLR Aleph) 022277611 | ||
| 090 |
_a13460688 _c13460688 |
||
| 100 | _a20240715d2024 k y0rusy50 ca | ||
| 101 | 0 |
_arus _deng |
|
| 102 | _aRU | ||
| 105 | _ay z 000yy | ||
| 181 | 0 |
_ai4 _baxxe |
|
| 182 | 0 | _an | |
| 200 | 1 |
_aПринципы и формы социокультурной организации _dPrinciples and forms of sociocultural organization _eисторические контексты взвимодействия _eколлективная монография _fГ. В. Александров, А. К. Александрова, Д. Ю. Бовыкин [и др.] _gпод редакцией Д. М. Бондаренко, чл.-корр. РАН, д. и. н., проф. и Г. В. Александрова, к. и. н. _zeng |
|
| 203 |
_aТекст _bвизуальный _cнепосредственный |
||
| 210 |
_aМосква _cЯСК _d2024 |
||
| 215 |
_a370, [1] с. _d22 |
||
| 300 | _aАвт. указаны на обороте тит. с. | ||
| 300 | _aНа 370-й с. авт.: Г. В. Александров, канд. ист. наук, А. К. Александрова, канд. ист. наук, Д. Ю. Бовыкин, д-р ист. наук, проф. [и др.] | ||
| 300 | _aРез. англ. | ||
| 320 | _aБиблиогр. в конце разделов | ||
| 510 | 1 |
_aPrinciples and forms of sociocultural organization _zeng |
|
| 607 |
_aЕвропейские страны _xПолитика и управление _zСредние века _2nlr_sh2 _3RU\NLR\AUTH\661483782 |
||
| 607 |
_aЕвропейские страны _xПолитика и управление _zНовое время _2nlr_sh2 _3RU\NLR\AUTH\6601695267 |
||
| 607 |
_aЕвропейские страны _xСоциально-политическое развитие _2nlr_sh2 _3RU\NLR\AUTH\6601624307 |
||
| 686 | 1 | _aТ3(0)4-5 | |
| 686 | 1 | _aТ3(0)5-5 | |
| 686 | 1 | _aФ3(4)1 | |
| 701 | 1 |
_aАлександров _bГ. В. _cканд. ист. наук, колонизация стран _f1989- _gГлеб Владимирович _3RU\NLR\AUTH\770226244 |
|
| 701 | 1 |
_aАлександрова _bА. К. _cканд. ист. наук, новейшая история _f1988- _gАнна Константиновна _3RU\NLR\AUTH\770230301 |
|
| 701 | 1 |
_aБовыкин _bД. Ю. _f1968- _gДмитрий Юрьевич _3RU\NLR\AUTH\770172354 |
|
| 702 | 1 |
_aБондаренко _bД. М. _f1968- _gДмитрий Михайлович _3RU\NLR\AUTH\7715685 _4340 |
|
| 942 | _cBOOK | ||
| 980 | _aNB | ||